LEADER 01415naa a2200265 u 4500 001 000000110644 003 CaOOAMICUS 005 20080313143515.0 008 080313s1984 pau u000 u eng u 040 $aPUL$bita$dLDB 100 1 $aGrant, Edward,$d1926-$0(OLS)http://pul/name/38618 245 10$aIn defense of the Earth's centrality and immobility :$bscholastic reaction to Copernicanism in the Seventeenth century /$cEdward Grant. 260 $aPhiladelphia :$bAmerican Philosophical Society,$c1984. 300 $a68 p. ;$c26 cm. 500 $aIn testa al front. : Transactions of the American Philosophical Society held at Philadelphia for promoting useful knowledge, volume 74, part 4, 1984. 504 $aBibliografia in nota. 600 14$aCopernicus, Nicolaus, $d1473-1543.$0(OLS)http://pul/subject/17490 850 $aPUL 852 $aPUL$W1$xDP1 Filosofia 1$y19$m749 H 35$j126758$qStampati$B125483$CPULBib$Z2$F125483 $H58888 $82 941 1 $a8 960 $aKopernik, Miko?aj,$d1473-1543$917490 960 $aCopernico?, Nicola, $a1473-1543$917490 960 $aCopernico?, Niccolo?, $d1473-1543$917490 996 $6245$aIn defense of the Earth's centrality and immobility :$bscholastic reaction to Copernicanism in the Seventeenth century$9(OLS)http://pul/title/139142 996 $6260$aPhiladelphia :$bAmerican Philosophical Society$9(OLS)http://pul/publisher/48596 LEADER 01127nam a2200289 u 4500 001 000000064535 003 CaOOAMICUS 005 20070226121352.0 008 011120s1978 enk u000 u eng u 020 $a0198267150 035 $a10910637 040 $aPUL(R)$bita 100 1 $aThatcher, Adrian.$0(OLS)http://pul/name/43600 245 14$aThe ontology of Paul Tillich /$cby Adrian Thatcher. 260 $aOxford :$bClarendon Press,$cc1978. 300 $avi, 196 p. ;$c22 cm 490 1 $aOxford theological monographs 504 $a"Bibliography": p. 178-187. 600 14$aTillich, Paul,$d1886-1965.$0(OLS)http://pul/subject/21765 830 0$aOxford theological monographs.$0(OLS)http://pul/title/16958 850 $aPUL 852 $aPUL$W1$xSL Religione 1$y3$m75 M 31$j83655$nBK-PRI$b $qStampati$B83655$CPULBib$Z2$F83655 $H $81 941 1 $a8 961 $aINV: 46242 996 $6020$a0198267150$9(OLS)http://pul/number/83765 996 $6245$aThe ontology of Paul Tillich$9(OLS)http://pul/title/85978 996 $6260$aOxford :$bClarendon Press$9(OLS)http://pul/publisher/48412